Statystyki dla Odmiana Czasownika Sein-Język Niemiecki

Kliknij tutaj aby rozwiązać quiz!

Ogólne statystyki

  • Ten quiz został rozwiązany 14 razy
  • Średni wynik to 5 z 6

Statystyki odpowiedzi

OsobaOdmiana% Poprawnych
IchBin
100%
DuBist
100%
Er/Sie/EsIst
100%
WirSind
67%
Sie/sieSind
67%
IhrSeid
50%

Rozkład punktacji

Percentyl według liczby udzielonych odpowiedzi

Procent ludzi z każdym wynikiem

Twoja historia wyników

Nie rozwiązałeś tego quizu